Evaluación de propiedades físico-mecánicas y durabilidad de morteros geopoliméricos sintetizados a partir de cenizas de cascarila de arroz proveniente del trillo Santa Rosa

El estudio presenta la finalidad de evaluar el efecto de la sustitución de la ceniza de cascarilla de arroz (CCA) sobre las propiedades físico-mecánicas y durabilidad de morteros activados alcalinamente con una solución de silicato de sodio (Na₂SiO₃) e hidroxido de sodio (NaOH) se realizó, como...

Full description

Bibliographic Details
Main Authors: Sinclair López, Stephanie de los Ángeles, Sánchez, Anielka Patricia
Other Authors: Tutor: ESpinoza Pérez, Léster Javier
Format: Tesis Section = Libro
Language:Undetermined
Spanish
Published: Managua UNI 2016
Subjects:
LEADER 01472nam a2200265Ia 4500
008 240830s9999 xx 000 0 und d
040 |a CEDOC DACA-RUSB / Mon 666.93 S616 
041 |a spa 
082 |a Mon 666.93 S616 
100 1 |a Sinclair López, Stephanie de los Ángeles 
100 1 |b  Sánchez, Anielka Patricia 
245 1 0 |a Evaluación de propiedades físico-mecánicas y durabilidad de morteros geopoliméricos sintetizados a partir de cenizas de cascarila de arroz proveniente del trillo Santa Rosa 
260 |a Managua  |b UNI  |c 2016 
300 |a 90 p. : il. 
502 |a Tesis (Ingeniero Químico) -UNI, 2016. 
520 3 |a El estudio presenta la finalidad de evaluar el efecto de la sustitución de la ceniza de cascarilla de arroz (CCA) sobre las propiedades físico-mecánicas y durabilidad de morteros activados alcalinamente con una solución de silicato de sodio (Na₂SiO₃) e hidroxido de sodio (NaOH) se realizó, como parte de la caracterización de las ceniza de cascarilla de arroz, un estudio de espectroscopia de absorción infarroja (FT-IR) el cual mostró que la ceniza se comporta como un material puzolánico predominante amorfo. 
650 7 |a ARGAMASAS DE CAL 
650 7 |b  MORTEROS-PROPIEDADES FISICO-MECANICAS 
650 7 |c  RESIDUOS AGRICOLAS 
650 7 |d  CEMENTO 
650 7 |e  MATERIALES DE CONSTRUCCION 
700 1 |a Tutor:  |b ESpinoza Pérez, Léster Javier 
942 |c BK  |2 ddc 
991 |a TESIS 
999 |c 26017